Mot portugais sur le thème de l'été - Statistiques

Statistiques générales
  • Ce quiz a été pris 369 fois
  • Le résultat moyen est 16 sur 25
Statistiques - réponses
Hint Réponse % Correct
Boire Beber
94%
Chaleur Calor
90%
Manger Comer
90%
Famille Famìlia
90%
Froid Frio
89%
Amis Amigos
86%
Voiture Carro
82%
Mer Mar
82%
Jouer Jogar
79%
Plage Praia
78%
Travailler Trabalhar
77%
Voyager Viajar
74%
Avion Avião
68%
Champ Campo
65%
Festival Festival
64%
Ocean Oceano
64%
Vélo Bicicleta
61%
Train Comboio
43%
Montagne Montanha
42%
Sport Desporto
40%
Baleine Baleia
38%
Foret Floresta
38%
Tente Tenda
27%
Inondation Inundações
3%
Coups de soleil Escaldões
0%
Aucun quiz correspondant
Distribution des résultats
% des personnes avec chaque résultat
Percentile par nombre de réponses
Votre historique - résultats
Vous n’avez pas pris ce quiz